| 000 | 01638nam a2200349 ia4500 | ||
|---|---|---|---|
| 005 | 20260518125714.0 | ||
| 008 | 260401t20242024njua erfb 001 0 eng d | ||
| 020 |
_a9781394224944 _cRM 90.09 _qpaperback |
||
| 040 |
_aPPAK _beng _cPPAK _erda |
||
| 082 | 0 | 4 |
_223 _a616.132 |
| 090 | 0 | 0 |
_a616.132 _bSNY _dG |
| 100 | 1 |
_aSnyder, Richard W., _eauthor. |
|
| 245 | 1 | 0 |
_aHigh Blood Pressure / _cby Richard W. Snyder, DO, with Alan L. Rubin, MD |
| 250 | _a3rd edition | ||
| 264 | 1 |
_aHoboken, New Jersey : _bJohn Wiley & Sons, Inc., _c2024 |
|
| 264 | 4 | _c©2024 | |
| 300 |
_axii, 256 pages : _billustrations ; _c24 cm |
||
| 336 |
_atext _2rdacontent |
||
| 337 |
_aunmediated _2rdamedia |
||
| 338 |
_avolume _2rdacarrier |
||
| 490 | 1 | _aLEARNING MADE EASY | |
| 490 | 1 | _aFor dummies | |
| 500 | _aIncludes index | ||
| 520 | _aHigh Blood Pressure For Dummies explains all you need to know about blood pressure -- and what to do when it gets too high. High blood pressure can lead to serious complications, but with lifestyle changes and medication, it's easily treatable. This jargon-free, compassionate book walks you through the necessary changes to help lower blood pressure and live a healthy life. You'll be well equipped to determine if you're at risk and consider the medical consequences of hypertension. From there, develop a successful treatment plan and choose the right foods for you. | ||
| 650 | 1 | 0 | _aHypertension |
| 650 | 2 | 0 |
_aHeart _xDiseases |
| 650 | 2 | 0 |
_aHypertension _xTreatment |
| 700 | 1 |
_aRubin, Alan L., _eauthor. |
|
| 830 | 0 | _aLearning made easy | |
| 830 | 0 | _aFor dummies | |
| 942 |
_2ddc _cB |
||
| 999 |
_c203641 _d203641 |
||